000
00249nam a2200097Ia 4500
001
1250575
005
20251031150858.0
008
251031s9999 xx 000 0 und d
245
0
_c
FARUK KARAARSLAN
_a
B-3 TOPLUMSAL HAFIZA
260
_b
KETEBE YAYINLARI
999
_c
1250575
_d
1250575